Kluby Ekstraklasy 2024/25 - Statystyki

Ogólne statystyki
  • Ten quiz został rozwiązany 88 razy
  • Średni wynik to 14 z 18
Statystyki odpowiedzi
nr. Odpowiedź % Poprawnych
17 Lech
100%
2 Legia Warszawa
100%
15 Lechia
89%
18 Motor Lublin
85%
7 Śląsk Wrocław
83%
13 Widzew Łódź
81%
5 Pogoń
80%
4 Cracovia
74%
1 Gks Katowice
74%
10 Górnik
74%
8 Zagłębie
72%
11 Jagiellonia
70%
12 Korona
70%
9 Raków
69%
3 Stal Mielec
67%
14 Piast
59%
16 Puszcza Niepołomice
59%
6 Radomiak
54%
Nie znaleziono quizów pasujących do podanych kryteriów
Rozkład punktacji
Procent ludzi z każdym wynikiem
Percentyl według liczby udzielonych odpowiedzi
Twoja historia wyników
Nie rozwiązałeś tego quizu